Teoría y práctica de los firmes de hormigón blindado / por Gregorio Barrios Sánchez
Descripción Física:
2 v. : il. ; 22 cm
Materias:
Carreteres -- Barcelona (Província)
MARC
| LEADER | 00000nam a2200000Ia 4500 | ||
|---|---|---|---|
| 001 | 19879, 19880 | ||
| 008 | 160829s1923 xx 000 0 cat d | ||
| 080 | |a 3372, exp. 148 | ||
| 100 | |a Barrios Sánchez, Gregorio |9 48295 | ||
| 245 | |a Teoría y práctica de los firmes de hormigón blindado / por Gregorio Barrios Sánchez | ||
| 260 | |a Albacete : |b Imprenta y Librería de Eliseo Ruiz, |c 1923 | ||
| 300 | |a 2 v. : |b il. ; |c 22 cm | ||
| 590 | |a Conté: v. 1: Primera parte, 1923; v. 2: Segunda parte, 1924 | ||
| 650 | 0 | |a Carreteres |x Barcelona (Província) |9 35728 | |
| 901 | |a Arxiu | ||
| 942 | |n 1 | ||
| 952 | |0 0 |1 0 |4 0 |6 3372_EXP_148 |7 1 |9 54452 |a Arxiu |b Arxiu |d 2016-12-01 |l 0 |o 3372, exp. 148 |p 19879, 19880 |r 2016-12-01 00:00:00 |w 2016-12-01 |y ARXIU | ||
| 999 | |c 58321 |d 58321 | ||